I gay : colloquio di Anna Di Lellio con Edmund White.
Enregistré dans:
| Auteur principal: | |
|---|---|
| Autres auteurs: | |
| Format: | Livre |
| Langue: | italien |
| Publié: |
\Roma! :
Liberal,
\1999!
|
| Collection: | Interviste dal 20. secolo ;
13 |
| Tags: |
Pas de tags, Soyez le premier à ajouter un tag!
|
MARC
| LEADER | 00000nam a22000007i 4500 | ||
|---|---|---|---|
| 001 | IT\ICCU\RAV\0337433 | ||
| 003 | ItRI | ||
| 005 | 20260115232220.0 | ||
| 008 | 990826s1999 it |||||| ||||| |||||c | ||
| 040 | |b ita |c importazione bologna sebina | ||
| 041 | 7 | |a ita |2 ISO-639-2 | |
| 100 | 1 | |a White, Edmund, |d (1940-2025) |0 IT\ICCU\CFIV\064701 |4 aut | |
| 240 | 1 | 0 | |a colloquio di Anna Di Lellio con Edmund White |3 IT\ICCU\CAG\2149933 |
| 245 | 1 | 2 | |a I gay : |b colloquio di Anna Di Lellio con Edmund White. |
| 260 | |a \Roma! : |b Liberal, |c \1999! | ||
| 300 | |a 59 p. ; |c 14 cm | ||
| 500 | |a Alleg. al n. 60 di Liberal. | ||
| 700 | 1 | |a Di Lellio, Anna |0 IT\ICCU\BVEV\015185 | |
| 830 | 0 | |a Interviste dal 20. secolo ; |v 13 |0 IT\ICCU\RAV\0328083 | |
| 942 | |2 ddc |c BK |n 0 | ||
| 952 | |0 0 |1 0 |4 0 |6 DOC_813_540000000000000_DIL |7 0 |9 22157 |a BO |b BO |d 2026-01-15 |i 18475 |l 0 |o DOC 813.54 DIL |p BO18475 |r 2026-01-15 23:22:20 |w 2026-01-15 |x [Sebina 5] [1 v.] |y BK |z 1 v. | ||
| 999 | |c 18932 |d 18932 | ||